[Event "Verbandsliga Nord Baden 1314"]
[Site "Germany"]
[Date "2013.11.17"]
[Round "2.1"]
[White "Schwalfenberg, Joerg"]
[Black "Buecker, Stefan"]
[Result "1/2-1/2"]
[WhiteElo "2325"]
[BlackElo "2301"]
[PlyCount "139"]
[EventDate "2013.10.20"]
[EventType "team-tourn"]
[EventRounds "9"]
[EventCountry "GER"]
[SourceTitle "EXT 2015"]
[Source "ChessBase"]
[SourceDate "2014.11.20"]
[SourceVersion "1"]
[SourceVersionDate "2014.11.20"]
[SourceQuality "1"]
[WhiteTeam "Heidelberg"]
[BlackTeam "Pforzheim"]
[WhiteTeamCountry "GER"]
[BlackTeamCountry "GER"]

1. d4 Nf6 2. Nf3 c5 3. e3 e6 4. c3 b6 5. Nbd2 Bb7 6. b3 Qc7 7. Bb2 Be7 8. Rc1 Nc6 9. Bd3 d5 10. 0-0 e5 11. e4 0-0-0 12. exd5 Nxd5 13. c4 Nf4 14. Bf5+ Kb8 15. d5 Nd4 16. Nxd4 exd4 17. Nf3 g6 18. Bb1 g5 19. Re1 Bf6 20. b4 g4 21. Nd2 Be5 22. bxc5 bxc5 23. Ne4 Ng6 24. g3 f5 25. Ng5 Bc8 26. Ne6 Bxe6 27. dxe6 Rhf8 28. Ba3 Bd6 29. Bd3 Qa5 30. Rb1+ Kc7 31. Bc1 Rb8 32. Rxb8 Kxb8 33. Bh6 Re8 34. Bxf5 Ne5 35. Rxe5 Bxe5 36. Qb1+ Qb6 37. Qe4 Bd6 38. Bxg4 a5 39. Bh5 Re7 40. Bf8 Rb7 41. e7 Qb1+ 42. Qxb1 Rxb1+ 43. Kg2 Bxe7 44. Bxe7 d3 45. Bxc5 d2 46. a3 Kc7 47. h4 Kc6 48. Bf8 d1Q 49. Bxd1 Rxd1 50. g4 Rd8 51. Be7 Rd7 52. Bf8 Rd8 53. Be7 Rd4 54. f3 Kd7 55. Bc5 Rxc4 56. Bb6 Ra4 57. Bc5 Kc6 58. Be7 Rf4 59. h5 Kd5 60. Kg3 Rd4 61. Bd8 Ra4 62. Be7 Ke6 63. Bc5 Rc4 64. Bb6 a4 65. Ba5 Rd4 66. Bc3 Rd3 67. Bb4 Rb3 68. Bc5 Ke5 69. Be7 Ke6 70. Bc5 1/2-1/2

[Event "Verbandsliga Nord Baden 1314"]
[Site "Germany"]
[Date "2013.10.20"]
[Round "1.1"]
[White "Buecker, Stefan"]
[Black "Vinke, Andreas"]
[Result "1/2-1/2"]
[WhiteElo "2301"]
[BlackElo "2224"]
[PlyCount "115"]
[EventDate "2013.10.20"]
[EventType "team-tourn"]
[EventRounds "9"]
[EventCountry "GER"]
[SourceTitle "EXT 2015"]
[Source "ChessBase"]
[SourceDate "2014.11.20"]
[SourceVersion "1"]
[SourceVersionDate "2014.11.20"]
[SourceQuality "1"]
[WhiteTeam "Pforzheim"]
[BlackTeam "Karlsruhe II"]
[WhiteTeamCountry "GER"]
[BlackTeamCountry "GER"]

1. e4 e6 2. Nc3 d5 3. Nf3 Nf6 4. e5 Nfd7 5. d4 c5 6. dxc5 Bxc5 7. Bd3 Nc6 8. Bf4 f6 9. exf6 Qxf6 10. Bg3 0-0 11. 0-0 Nd4 12. Nxd4 Bxd4 13. Ne2 Bxb2 14. Rb1 Be5 15. f4 Bd6 16. c4 Nb6 17. Qc2 Nxc4 18. Bxh7+ Kh8 19. Qd3 Bd7 20. Rf3 Qh6 21. f5 e5 22. Bf4 e4 23. Qxd5 Bxf4 24. Rh3 Be3+ 25. Kh1 Qc6 26. Bg8+ Bh6 27. Qxc6 Bxc6 28. Bxc4 Rxf5 29. Nd4 Rc5 30. Bb3 e3 31. Re1 Re8 32. Kg1 Bd5 33. Rh5 Rd8 34. Ne6 Bxb3 35. Nxc5 Bf7 36. Rh4 Kg8 37. Nxb7 Rd2 38. Rxh6 gxh6 39. Rxe3 Bd5 40. Rg3+ Kf8 41. Nd6 Rxa2 42. Nb5 a5 43. Nc3 Ra1+ 44. Kf2 Bf7 45. Rg4 Ra3 46. Nb5 Ra2+ 47. Ke3 Ke7 48. Nc3 Ra1 49. Kd3 Kf6 50. Rf4+ Ke6 51. Kc2 Bg6+ 52. Kb3 Ke5 53. g3 Rc1 54. Rh4 h5 55. Ne2 Rb1+ 56. Kc3 Rb4 57. Nf4 Kf5 58. Nxh5 1/2-1/2

[Event "Baden-ch"]
[Site "Birkenfeld"]
[Date "2013.06.02"]
[Round "9"]
[White "Scherer, Max"]
[Black "Buecker, Stefan"]
[Result "0-1"]
[WhiteElo "2305"]
[BlackElo "2315"]
[PlyCount "74"]
[EventDate "2013.05.26"]
[EventType "swiss"]
[EventRounds "9"]
[EventCountry "GER"]
[SourceTitle "EXT 2014"]
[Source "ChessBase"]
[SourceDate "2013.11.20"]
[SourceVersion "1"]
[SourceVersionDate "2013.11.20"]
[SourceQuality "1"]

1. c4 f5 2. g4 e5 3. gxf5 d5 4. cxd5 Qxd5 5. Nf3 Nf6 6. Nc3 Qa5 7. Bg2 Bxf5 8. Qb3 Na6 9. d4 Nb4 10. 0-0 exd4 11. Nxd4 0-0-0 12. Ncb5 Bd7 13. a4 Bxb5 14. Nxb5 Bd6 15. Be3 Rhe8 16. Bxa7 b6 17. Qh3+ Rd7 18. Rac1 Kd8 19. Rfd1 Re5 20. Nxd6 cxd6 21. Bb8 Nbd5 22. Qg3 Qb4 23. e3 Nh5 24. Qf3 Nhf6 25. Rd4 Qxb2 26. Rcd1 Kc8 27. Bxd6 Rxd6 28. e4 Rde6 29. Bh3 Nc7 30. Rd6 Rg5+ 31. Kh1 Qe5 32. Bxe6+ Nxe6 33. Rc1+ Kb7 34. Qd1 Nc5 35. a5 Nfxe4 36. Rxb6+ Kc7 37. Qf3 Nxf2+ 0-1